01764nam a2200241 i 4500003000900000005001700009007000300026008004100029020001800070040003000088041000800118082001800126100003000144245010500174264007200279300004400351336002700395337003300422338002800455500007200483520092200555700004501477DO-SdBNP20250812091318.0ta250812b2025 dr o|||| |||| 00| 0 spa d a9789945484762 aDO-SdBNPbspacBNPHUerda aspa axxxbS7182221 aSoto, Kelvineautor4aut.1 aHasta sin poder se puede :bun testimonio de vida /cKelvin Soto ; prólogo, Ángel Luis Maldonado aSanto Domingo : bFundación Literaria Aníbal Montaño, c2025. a110 Páginas : bfotografíasc24 cm. atextobtxt2rdacontent asin mediaciónbn2rdamedia avolumenbnc2rdacarrier aIncluye datos biografícos del autor en la solapa de la cubierta.  aLa historia de Kelvin Soto, narrada en este libro, no es solo un testimonio de superación personal, sino también una lección de motivación intrínseca. Nos muestra que, aunque la discapacidad pueda presentar barreras, nuestra capacidad para aprender, crecer y trascender es infinita. Además, resalta la importancia de la solidaridad y el apoyo comunitario en el proceso de rehabilitación. La inclusión no es solo una responsabilidad individual, sino colectiva, y esta historia nos invita a reflexionar sobre nuestra propia actitud ante los desafíos, comprometiéndonos a construir un mundo más inclusivo y compasivo. Kelvin Soto no es solo un ejemplo de resiliencia transforma dora, sino también de cómo la fe puede convertirse en un poderoso motor capaz de cambiar la vida de una persona. Su historia nos recuerda que, con dedicación, solidaridad y una fe profunda en Dios, todo es posible.1 aMaldonado, Ángel Luis eprólogo4pr.